Quizzes
Events
Quiz Creation
Community
Videos
Private Events
Remove Ads
Sign In
Join for FREE
Feedback
Dark Mode
Quiz Categories
Sports
Geography
Music
Movies
Television
Just For Fun
Miscellaneous
History
Literature
Language
Science
Gaming
Entertainment
Religion
Holiday
For Kids
Quiz Lab
Recent
Popular Today
Quiz Kudos Today
Editor Picks
Curator Picks
Quizzes by...
Day
Popularity
Type
Ratings
Length
Year
Community
Subscriptions
Recent Discussions
Orange Saloon
Badges
Playlists
Quests
Create
Leaderboards
Showdown
Live 5
Trivia Bingo
Activity
Puzzle Library
Sporcle Events
Private Events
Virtual Trivia
Globe League
Become a Host
Pub Owners
SporcleCon
Opinionation
Our Games
Videos
Blog
Mobile Apps
Partnerships
Remove Ads and Go Orange
Feedback
Gaming
Video Games
Board Games
Card Games
Pokémon
Mario
Nintendo
Minecraft
Console
Toys
Legend of Zelda
Gaming
Video Games
Board Games
Card Games
Pokémon
Mario
Nintendo
Minecraft
Console
Toys
Legend of Zelda
Random Quiz
Search Sporcle
×
Quiz Lab
Quiz Lab
Gaming
Pokémon
Type in answers that appear in a list
Type in answers that appear in a list
Classic
Best Score? Go Orange.
All D Pokemon Stats
Can you name all D Pokemon
By
kidutsu
10m
40 Questions
165 Plays
165 Plays
165 Plays
Comments
Comments
Give Quiz Kudos
Give Quiz Kudos
-
- Ratings
hide this ad
Replay
Link that replays current quiz
Next Quiz
Link to next quiz in quiz playlist
You Got
0%
They Got
Avg Score
73%
Avg Friend Score
Upgrade to see
Score Distribution
Jump to the score distribution portion of the page
Score
0/40
Timer
10:00
0
Plays Today
Hint
Answer
% Correct
Dragon/
Flying
Dragonite
97%
Dragon
Dragonair
95.2%
Dragon
Dratini
95.2%
Ground
Diglett
89.7%
Ground
Dugtrio
88.5%
Normal/
Flying
Dodrio
87.3%
Normal/
Flying
Doduo
87.3%
Steel/
Dragon
Dialga
86.1%
Water/
Ice
Dewgong
84.2%
Ghost
Dusclops
84.2%
Ghost
Duskull
83.6%
Dark
Darkrai
83%
Ghost
Dusknoir
81.8%
Ice/
Flying
Delibird
81.2%
Poison/
Dark
Drapion
80%
Electric/
Fairy
Dedenne
78.8%
Dark/
Dragon
Deino
75.2%
Fire/
Psychic
Delphox
75.2%
Ghost/
Flying
Drifloon
75.2%
Ghost/
Flying
Drifblim
74.5%
Hint
Answer
% Correct
Fire
Darmanitan
72.1%
Psychic
Drowzee
71.5%
Fire
Darumaka
70.3%
Bug/
Rock
Dwebble
69.7%
Bug/
Poison
Dustox
69.1%
Poison/
Dragon
Dragalge
68.5%
Water/
Flying
Ducklett
68.5%
Ground
Donphan
67.9%
Steel/
Ghost
Doublade
67.9%
Normal/
Ground
Diggersby
67.3%
Dragon
Druddigon
67.3%
Normal/
Grass
Deerling
66.1%
Normal
Dunsparce
64.8%
Bug/
Steel
Durant
60.6%
Ground
Drilbur
55.8%
Psychic
Duosion
55.8%
Psychic
Deoxys
55.2%
Normal
Ditto
54.5%
Normal
Delcatty
49.1%
Water
Dewott
47.9%
Quiz Playlist
Details
Report
Send in Message
Add To Playlist
Classic:
Type in answers that appear in a list
Last Updated: Feb 16, 2017
Quiz Scoreboard
CHALLENGE
Sign Up to Join the Scoreboard
Show All
Scores
Hide
Comments
May contain spoilers
Recently Published
Movies - When Are They Set?
by FPL_Elf
Movies
5m
Popular People in 1961
by mucciniale
History
6m
1-10 Letter E Words III
by El_Dandy
Language
2m
More to Explore
Quiz From the Vault
Featured Blog Post
Where Did the Easter Bunny Come From?
hide this ad
You Might Also Like...
Tags
Pokémon Quiz
Today's Top Quizzes in Gaming
Browse Gaming
hide this ad
Today's Top Quizzes in Pokémon
Browse Pokémon
Top Contributed Quizzes in Gaming
1
Destiny 2 exotic weapons by perk icons
2
Who's on the WWE 2K24 Cover?
3
Windmill: Pokémon
4
Overwatch 2 Heroes by Selection Quote
5
Genshin murder mystery
6
Overwatch 2: Ultimate Ability Icons
7
Franchise by Action Figure
8
Legendary or Exotic?
9
Genshin Impact Logic Puzzle
10
Genshin Impact Logic Puzzle Quiz
Explore More
Trending Topics
Harry Potter
Anime
NBA
Crossword
Marvel
Disney
Kpop
Country
Song
Pokémon
The Office
Soccer
NFL
WWE
Puzzle
hide this ad
More By:
kidutsu
Quiz
Plays
Rating
Category
Featured
Created
All C Pokemon
200
5.00
Gaming
Jan 29, 2014
All D Pokemon
165
5.00
Gaming
Jan 29, 2014
All G Pokemon
144
4.75
Gaming
Aug 15, 2014
All B Pokemon
143
5.00
Gaming
Jan 29, 2014
All E Pokemon
110
5.00
Gaming
Aug 15, 2014
Go to Creator's Profile
Score Distribution
Quiz Creator Spotlight
kidutsu
Follow
Send a Message
Quizzes Created
-
Created Quiz Play Count
-
More By This Creator
Popular Quizzes Today
1
Find the US States - No Outlines Minefield
2
Find the Countries of Europe - No Outlines Minefield
3
The Countries of the World
4
Popular People in 1961
5
1-10 Letter E Words III
6
US States
7
Find the US States
8
One Thing in Common: World Cities II
More Gaming Quizzes
Six Letter Gaming A-Z
Editor's Pick
Trending Quizzes
Risky Map Clicking: Least Populous States A-Z
1-10 Letter F Words
1-10 Letter G Words
One Thing in Common: United Kingdom
Risky Map Clicking: Next State Alphabetically
Recently Updated
Leaping Animals
pecheneg
Reality TV Shows (A-Z)
bhenderson79
Rickey Henderson's Hall of Fame Teammates
pecheneg
Champions League XIs: Arsenal
pecheneg
Quick Pick: Celebrities in WWE's Hall of Fame
aduchscher
A-Z Keypad Blitz II
pecheneg
Multiple Oscar Actors
pecheneg
Mystery Phrase Blitz: Oscar 'Best Actors'
pecheneg
F. Scott Fitzgerald Novels
LTH
Pick 3 Villains
ddd62291
Trending Topics
Anime
Crossword
Harry Potter
Kpop
NBA
Marvel
Disney
Pokémon
Song
Country
Soccer
NFL
Puzzle
The Office
WWE
Your Account Isn't Verified!
In order to create a playlist on Sporcle, you need to verify the email address you used during registration. Go to your
Sporcle Settings
to finish the process.
Report this User
Report this user for behavior that violates our
Community Guidelines
.
Details:
Send Report
Go to the Sporcle.com Mobile Site →
Comments